000 00271nam a2200109Ia 4500
008 220204s9999 xx 000 0 und d
082 _a159.9
_bHIL
100 _aHill, Napoleon
245 0 _aGrow rich: With peace of mind
260 _aNew york
_bFawcett
_c1967
942 _cBK
999 _c33463
_d33463